| 000 | 00768nam a22001937a 4500 | ||
|---|---|---|---|
| 999 |
_c12736 _d12736 |
||
| 003 | AR-CdUCM | ||
| 008 | 190410b ||||| |||| 00| 0 spa d | ||
| 040 |
_aMUNICIPALIDAD PROVINCIAL DEL CUSCO _cBIBLIOTECA MUNICIPAL DEL CUSCO |
||
| 082 |
_22ed. _a869.09 / _bH39 |
||
| 100 |
_aHenríquez Ureña, Max _912697 |
||
| 245 | _aBreve historia del modernismo / | ||
| 260 |
_aMéxico : _bFondo de cultura económica, _c1962. |
||
| 300 |
_a559 páginas _c21 cm. |
||
| 505 | _aContenido :El verso y la prosa de habla española al despuntar el modernismo -- América central -- Las Antillas -- El modernismo en Egipto -- Historia de un nombre .. | ||
| 650 |
_aLiteratura latinoamericana. _91143 |
||
| 650 |
_aHistoria y crítica. _95993 |
||
| 942 |
_2ddc _cLIBROS |
||
| 945 | _arum | ||